Вольтамперометрическое определение тартразина в пищевых продуктах; Журнал аналитической химии; Т. 72, № 4
| Parent link: | Журнал аналитической химии: научно-практический журнал.— , 1948- Т. 72, № 4.— 2017.— [С. 341-347] |
|---|---|
| Príomhchruthaitheoir: | |
| Údar corparáideach: | |
| Rannpháirtithe: | , |
| Achoimre: | Заглавие с экрана Режим доступа: по договору с организацией-держателем ресурса |
| Teanga: | Rúisis |
| Foilsithe / Cruthaithe: |
2017
|
| Sraith: | Оригинальные статьи |
| Ábhair: | |
| Rochtain ar líne: | http://elibrary.ru/item.asp?id=28872622 |
| Formáid: | Leictreonach Caibidil leabhair |
| KOHA link: | https://koha.lib.tpu.ru/cgi-bin/koha/opac-detail.pl?biblionumber=654629 |
MARC
| LEADER | 00000naa0a2200000 4500 | ||
|---|---|---|---|
| 001 | 654629 | ||
| 005 | 20250312154612.0 | ||
| 035 | |a (RuTPU)RU\TPU\network\20265 | ||
| 035 | |a RU\TPU\network\20256 | ||
| 090 | |a 654629 | ||
| 100 | |a 20170506d2017 k||y0rusy50 ca | ||
| 101 | 0 | |a rus | |
| 102 | |a RU | ||
| 135 | |a drcn ---uucaa | ||
| 181 | 0 | |a i | |
| 182 | 0 | |a b | |
| 200 | 1 | |a Вольтамперометрическое определение тартразина в пищевых продуктах |f О. И. Липских, А. А. Николаева, Е. И. Короткова | |
| 203 | |a Текст |c электронный | ||
| 225 | 1 | |a Оригинальные статьи | |
| 300 | |a Заглавие с экрана | ||
| 333 | |a Режим доступа: по договору с организацией-держателем ресурса | ||
| 461 | |t Журнал аналитической химии |o научно-практический журнал |d 1948- | ||
| 463 | |t Т. 72, № 4 |v [С. 341-347] |d 2017 | ||
| 610 | 1 | |a электронный ресурс | |
| 610 | 1 | |a труды учёных ТПУ | |
| 610 | 1 | |a азокрасители | |
| 610 | 1 | |a вольтамперометрия | |
| 610 | 1 | |a спектрофотометрия | |
| 610 | 1 | |a пищевые продукты | |
| 610 | 1 | |a электровосстановление | |
| 700 | 1 | |a Липских |b О. И. |c химик |c инженер Томского политехнического университета |f 1984- |g Ольга Ивановна |3 (RuTPU)RU\TPU\pers\36679 | |
| 701 | 1 | |a Николаева |b А. А. |c химик |c инженер Томского политехнического университета |f 1989- |g Алёна Андреевна |3 (RuTPU)RU\TPU\pers\37464 | |
| 701 | 1 | |a Короткова |b Е. И. |c химик |c профессор Томского политехнического университета, доктор химических наук |f 1965- |g Елена Ивановна |3 (RuTPU)RU\TPU\pers\27109 |9 12659 | |
| 712 | 0 | 2 | |a Национальный исследовательский Томский политехнический университет (ТПУ) |b Институт природных ресурсов (ИПР) |b Кафедра физической и аналитической химии (ФАХ) |3 (RuTPU)RU\TPU\col\18656 |
| 801 | 2 | |a RU |b 63413507 |c 20170506 |g RCR | |
| 856 | 4 | |u http://elibrary.ru/item.asp?id=28872622 | |
| 942 | |c CF | ||